00622nam a2200193 i 4500003000900000005001700009007000300026008004100029040003000070041000800100082001900108100004000127245007200167264006900239300002700308336002700335337003300362338003300395DO-SdBNP20260505133712.0ta140612s2005 dr a 000 0 spa d aDO-SdBNPbspacBNPHUerda aspa 4axxxbB436g222 aBellapart, Juan Joséeautor4aut.10aGeorge Hausdorf : bámbitos explorados / cJuan José Bellapart. aSanto Domingo, República Dominicana :bMuseo Bellapart, c2005 a92 páginas ;c23 cm. atextobtxt2rdacontent asin mediaciónbn2rdamedia avolumen bnc2rdacarrier